000 00440nam a2200169Ia 4500
001 23815
003 IN-NITTTR
005 20251114233307.0
008 251113s9999||||xx |||||||||||||| ||eng||
040 _beng
040 _cIN-NITTTR
041 _aeng
082 _a915.404 A48C
100 _aAditya Prakash, Vikramaditya Prakash
245 0 _aChandigarh :
_b the city beautiful /
_cAditya Prakash, Vikramaditya Prakash
942 _2ddc
_cBK
999 _c26444
_d26444